The Information System of Detecting the Informed Activities in Derivative Asset Tradings; The 9th International Forum on Strategic Techology (IFOST-2014), September 21-23, 2014, Cox's Bazar, Bangladesh

Chi tiết về thư mục
Parent link:The 9th International Forum on Strategic Techology (IFOST-2014), September 21-23, 2014, Cox's Bazar, Bangladesh.— 2014.— [7 p.]
Tác giả chính: Kritski O. L. Oleg Leonidovich
Tác giả của công ty: Национальный исследовательский Томский политехнический университет (ТПУ) Физико-технический институт (ФТИ) Кафедра высшей математики и математической физики (ВММФ)
Tác giả khác: Glik L. A. Ludmila Andreevna
Tóm tắt:Title screen
We propose a mathematical procedure for finding informed trader activities in underlying asset and derivatives. We generalized it as Vector ARMA and found condition of its stationarity. We also constructed an informed trader activity presence criterion. For validation of the model, we test an influence of informed traders in Russian market and FX assets. We found some evidence of such influence in gold and currency pair USD/RUB pricing, in Russian share index RTS in the period from Dec 16 till Dec 20, 2013 and from Jan 28 till Jan 30. Also, using TAIFEX option prices we investigate whether such activity was at the market. We take week calls and puts on index TSEC, the contracts expire at 26/02/14. We found that there is no significant influence for pricing process made by major market players.
Ngôn ngữ:Tiếng Anh
Được phát hành: 2014
Loạt:Information & Communication Technology
Information Systems, Internet, Web and Mobile Applications
Những chủ đề:
Truy cập trực tuyến:https://doi.org/10.1109/IFOST.2014.6991085
Định dạng: MixedMaterials Điện tử Chương của sách
KOHA link:https://koha.lib.tpu.ru/cgi-bin/koha/opac-detail.pl?biblionumber=641692

MARC

LEADER 00000nla2a2200000 4500
001 641692
005 20240228130919.0
035 |a (RuTPU)RU\TPU\network\6609 
035 |a RU\TPU\network\6596 
090 |a 641692 
100 |a 20150529d2014 k y0rusy50 ba 
101 0 |a eng 
105 |a a z 101zy 
135 |a drgn ---uucaa 
181 0 |a i  
182 0 |a b 
200 1 |a The Information System of Detecting the Informed Activities in Derivative Asset Tradings  |f O. L. Kritski, L. A. Glik 
203 |a Text  |c electronic 
225 1 |a Information & Communication Technology 
225 1 |a Information Systems, Internet, Web and Mobile Applications 
300 |a Title screen 
320 |a [References: 21 tit.] 
330 |a We propose a mathematical procedure for finding informed trader activities in underlying asset and derivatives. We generalized it as Vector ARMA and found condition of its stationarity. We also constructed an informed trader activity presence criterion. For validation of the model, we test an influence of informed traders in Russian market and FX assets. We found some evidence of such influence in gold and currency pair USD/RUB pricing, in Russian share index RTS in the period from Dec 16 till Dec 20, 2013 and from Jan 28 till Jan 30. Also, using TAIFEX option prices we investigate whether such activity was at the market. We take week calls and puts on index TSEC, the contracts expire at 26/02/14. We found that there is no significant influence for pricing process made by major market players. 
337 |a Adobe Reader 
463 0 |0 (RuTPU)RU\TPU\network\6394  |t The 9th International Forum on Strategic Techology (IFOST-2014), September 21-23, 2014, Cox's Bazar, Bangladesh  |o [proceedings]  |v [7 p.]  |d 2014 
610 1 |a электронный ресурс 
610 1 |a труды учёных ТПУ 
610 1 |a трейдеры 
610 1 |a фьючерсы 
610 1 |a активы 
610 1 |a информационные системы 
610 1 |a торги 
700 1 |a Kritski  |b O. L.  |c mathematician  |c Associate Professor of Tomsk Polytechnic University, Candidate of physical and mathematical sciences  |f 1976-  |g Oleg Leonidovich  |3 (RuTPU)RU\TPU\pers\31888  |9 15960 
701 1 |a Glik  |b L. A.  |c mathematician  |c engineer of Tomsk Polytechnic University  |f 1991-  |g Ludmila Andreevna  |3 (RuTPU)RU\TPU\pers\34750 
712 0 2 |a Национальный исследовательский Томский политехнический университет (ТПУ)  |b Физико-технический институт (ФТИ)  |b Кафедра высшей математики и математической физики (ВММФ)  |3 (RuTPU)RU\TPU\col\18727 
801 2 |a RU  |b 63413507  |c 20150601  |g RCR 
856 4 |u https://doi.org/10.1109/IFOST.2014.6991085  |z https://doi.org/10.1109/IFOST.2014.6991085 
942 |c CF